LEADER 01062nam a2200253 u 4500 001 000000038286 003 CaOOAMICUS 005 20070226113847.0 008 980422s1970 it u000 u ita u 035 $a10791610 040 $aPUL(R)$bita 100 1 $aDel Re, Michele C.$0(OLS)http://pul/name/28604 245 10$aPremessa ad una ricerca sostanziale sulla colpevolezza /$cMichele C. Del Re. 260 $aRoma :$bLaziografik,$c1970. 300 $a113 p. ;$c25 cm 500 $aIn calce al front.: Destinato alla colanna di diritto penale dell'Università di Roma. 504 $aBibliografia in nota. 650 4$aColpa (diritto penale).$0(OLS)http://pul/subject/18066 850 $aPUL 852 $aPUL$W1$xSL Diritto e Scienze Sociali 1$y4$m178 E 51$j52193$nBK-PRI$b $qStampati$B52193$CPULBib$Z2$F52193 $H $81 941 1 $a8 961 $aINV: 49086 996 $6245$aPremessa ad una ricerca sostanziale sulla colpevolezza$9(OLS)http://pul/title/52032 996 $6260$aRoma :$bLaziografik$9(OLS)http://pul/publisher/63653 LEADER 01152nam a2200229 u 4500 001 000000070540 003 CaOOAMICUS 005 20070226122030.0 008 020509s1809 ne u000 u fre u 035 $a10929233 040 $aPUL(R)$bita 100 1 $aVillers, Charles François Dominique de,$d1765-1815.$0(OLS)http://pul/name/46946 245 10$aCoup d'oeil sur l'état actuel de la littérature ancienne et de l'histoire en Allemagne : /$crapport fait à la troisième classe de l'Institut de France par Charles Villers ... /. 260 $aAmsterdam :$bAu bureau des Arts et de Littérature,$c1809. 300 $a153 p. ;$c21 cm 500 $aContiene indice. 651 4$aGermania$xStoria.$0(OLS)http://pul/subject/15440 850 $aPUL 852 $aPUL$W1$xDP1 Antico 800$y27$m127 E 23$j91256$nBK-PRI$b $qStampati Antico$B91256$CPULBib$Z2$F91256 $H $81 941 1 $a15 996 $6245$aCoup d'oeil sur l'état actuel de la littérature ancienne et de l'histoire en Allemagne :$9(OLS)http://pul/title/92987 996 $6260$aAmsterdam :$bAu bureau des Arts et de Littérature$9(OLS)http://pul/publisher/73126